| 000 | 04017nam a22004213i 4500 | ||
|---|---|---|---|
| 001 | EBC1645504 | ||
| 003 | MiAaPQ | ||
| 005 | 20251006164748.0 | ||
| 007 | cr cnu|||||||| | ||
| 008 | 251006s2014 xx o ||||0 eng d | ||
| 020 |
_a9781137319944 _q(electronic bk.) |
||
| 020 | _z9781137319937 | ||
| 040 |
_aMiAaPQ _beng _cMiAaPQ |
||
| 100 | 1 |
_aCharnock, G. _967248 |
|
| 245 | 1 | 4 |
_aThe Limits to Capital in Spain : _bCrisis and Revolt in the European South. |
| 250 | _a1st ed. | ||
| 264 | 1 |
_aLondon : _bPalgrave Macmillan UK, _c2014. |
|
| 264 | 4 | _c©2014. | |
| 300 | _a1 online resource (197 pages) | ||
| 336 |
_aText _btxt _2rdacontent |
||
| 337 |
_aComputermedien _bc _2rdamedia |
||
| 338 |
_aOnline Resource _bcr _2rdacarrier |
||
| 490 | 1 | _aInternational Political Economy Series | |
| 500 | _aE-Book-ProQuest / Fernzugriff nach Registrierung möglich | ||
| 505 | 0 | _aCover -- Title -- Copyright -- Contents -- List of Boxes and Tables -- Acknowledgements -- List of Abbreviations -- Introduction -- Crisis and revolt in the European South -- The limits to capital -- Outline of the book -- 1 The Limits to Capital -- The accumulation of capital and the 'coercive laws' of competition -- The tendency toward overproduction, the necessity of crisis and cycles of overaccumulation -- The state, money, and the national processing of global class relations -- The tendency toward a new international division of labour -- Cycles of global overaccumulation and crisis since the 1970s -- Conclusion -- 2 The Limits to Import Substitution Industrialisation -- Theorising the limits to import substitution industrialisation -- The historical roots of Spain's economic 'backwardness' -- The limits to import substitution industrialisation under Franco -- Industrial development in Spain within the emergent new international division of labour -- Overaccumulation and the crisis of the fascist state -- Conclusion -- 3 The Limits to European Integration -- The restructuring of Spanish industry and the fragmentation of labour in the 1980s -- The first phase of European integration, overaccumulation, and the monetary crisis of 1992 -- The 'Spanish Miracle' redux? -- The differentiation of Spanish capitals in the 1990s and 2000s -- European Monetary Union and overaccumulation in Spain -- Conclusion -- 4 The Limits to Urbanisation -- Theorising the urban process in contemporary capitalism -- Capital switching and the Spanish covered bonds market -- The bases for accelerated urbanisation in Spain after 1998 -- The local state and urban entrepreneurialism in Spain -- Conclusion -- 5 The Limits to the State -- The depth of the crisis in Spain. | |
| 505 | 8 | _aFrom a 'financial' to a 'sovereign debt crisis': Austerity and the imposition of 'internal devaluation' -- Indignation: A generalised condition -- The 'stop desahucios' campaign and the struggle against money and law -- The Catalan question and the challenge to the Estado de las Autonomías -- Conclusion -- Conclusion -- The limits to capital in Spain -- European Monetary Union and the limits to capital in the European South -- Notes -- Bibliography -- Index. | |
| 520 | _aSpain is at the epicentre of a crisis that threatens the future of the Eurozone. This book explains the deep historical and structural roots of the current crisis in Spain. It analyses the nexus between European circuits of financial capital, urbanisation, and the emergent dynamics of state austerity and popular revolt. | ||
| 653 | _aInternational relations. | ||
| 655 |
_aFernzugriff _9230 |
||
| 655 | 4 | _aElectronic books. | |
| 700 | 1 |
_aPurcell, T. _967249 |
|
| 700 | 1 |
_aRibera-Fumaz, R. _967250 |
|
| 776 | 0 | 8 |
_iPrint version: _aCharnock, G. _tThe Limits to Capital in Spain _dLondon : Palgrave Macmillan UK,c2014 _z9781137319937 |
| 830 | 0 |
_aInternational Political Economy Series _964437 |
|
| 856 | 4 | 0 |
_uhttps://ebookcentral.proquest.com/lib/maxweberstiftung-ebooks/detail.action?docID=1645504 _zVolltext |
| 942 | _cEB | ||
| 999 |
_c72983 _d72983 |
||